| 000 | 00755nam a2200253Ia 4500 | ||
|---|---|---|---|
| 003 | OSt | ||
| 005 | 20220927110340.0 | ||
| 006 | a|||||r|||| 00| 0 | ||
| 007 | ta | ||
| 008 | 220926b |||||||| |||| 00| 0 eng d | ||
| 024 | _a65344 | ||
| 037 | _cReports | ||
| 040 |
_aRTL _cRTL _beng |
||
| 041 |
_2eng _aeng |
||
| 082 | _a"X425.2.N53t, J5/GD" | ||
| 110 |
_a"India, Transport (M/O-)" _9376398 |
||
| 245 | 0 | _aReport of the port and shipping statistics committee | |
| 260 |
_aNew _bDelhi Manager of Publications India _c1955 |
||
| 300 |
_a322p. _ccm. |
||
| 650 | _aOceanic Transport Economics | ||
| 700 |
_a"India, Transport (M/O-)" _9376399 |
||
| 942 |
_h"X425.2.N53t, J5/GD" _cCC |
||
| 999 |
_c695664 _d695664 |
||